| Record ID | marc_records_scriblio_net/part25.dat:198366760:802 |
| Source | Scriblio |
| Download Link | /show-records/marc_records_scriblio_net/part25.dat:198366760:802?format=raw |
LEADER: 00802pam 2200241 a 4500
001 96039555
003 DLC
005 20031120151147.0
008 961101s1997 nmua r 001 0 eng
010 $a 96039555
020 $a1562613421
040 $aDLC$cDLC$dDLC
050 00 $aGV191.35$b.S56 1997
082 00 $a796.5/025$221
100 1 $aSimmons, James C.$q(James Coleman),$d1939-
245 14 $aThe big book of adventure travel /$cJames C. Simmons.
246 30 $aAdventure travel
250 $a3rd ed.
260 $aSanta Fe, N.M. :$bJ. Muir Publications ;$aEmeryville, Calif. :$bDisbributed to the book trade by Publishers Group West,$cc1997.
300 $a389 p. :$bill. ;$c23 cm.
500 $aIncludes indexes.
650 0 $aOutdoor recreation$vDirectories.
650 0 $aAdventure travel$vDirectories.